00353nam a2200109Ia 4500008004100000082000800041100001600049245006200065942000600127952009500133999001500228240331s9999 xx 000 0 und d bNUH aNuhman, M.A 0aBharathiyin mozhich chintahnaigal :boru mozhiyiyal nokku cL 001040708LaWERCLbWERCLcSSCd2024-03-31l0o 809 NUHp4215r2024-03-31w2024-03-31yL c3677d3677